000 00434nam a22001577a 4500
005 20251120162831.0
008 251120b |||||||| |||| 00| 0 eng d
020 _a979-8-88715-384-1
100 _aWATSON, LEONARD
245 _aTOURISM, TRAVEL, HOTEL AND HOSPITALI
260 _aDUBLIN
_bORYSON PRESS
_c2024
300 _aVI, 308P.
500 _aINCLUDES INDEX
650 _a1. TOURISM 2. TRAVEL 3. HOSPITALITY
942 _2lcc
_cBK
999 _c216240
_d216240